LEADER 00916nam a2200205 i 4500 001 000000171103 003 CaOOAMICUS 005 20080418000000.0 008 080418s1942 it u000 u ita u 013 $a148527 040 $aSeMil$bita 100 1 $aEichendorff, Joseph : von.$0(OLS)http://semarc/name/61265 245 13$aLa vita di un perdigiorno e liriche trascelte /$cJoseph von Eichendorff ; a cura di Giuseppe C. Rossi. 260 $aTorino :$bUnione Tipografico-Editrice Torinese,$c1942. 300 $a154 p., [1] p. di ritratto ;$c19 cm. 700 1 $aRossi, Giuseppe Carlo.$0(OLS)http://semarc/name/64005 850 $aSeMil 852 $aSeMil$W1$xVenegono$y1$m1W II 86$j121980$B121980$CSeMilBibl$Z2$F133205 $81 996 $6245$aLa vita di un perdigiorno e liriche trascelte$9(OLS)http://semarc/title/244768 996 $6260$aTorino :$bUnione Tipografico-Editrice Torinese$9(OLS)http://semarc/publisher/29628 LEADER 00642nab a2200145 i 4500 001 000000261331 003 CaOOAMICUS 005 20050505000000.0 008 050505n xx uu u0 0und r 013 $a2280 040 $aSeMil$bita 245 10$aSaint-Siège :$bVerbi Sponsa : instruction sur la Vie contemplative et la clôture des moniales. - Titolo principale dalla copertina. 500 $a18 juillet 1999 (N° 2208). 773 0 $t[1999.$dParis : Bayard, 1999.$w()138562 996 $6245$aSaint-Siège :$bVerbi Sponsa : instruction sur la Vie contemplative et la clôture des moniales. - Titolo principale dalla copertina.$9(OLS)http://semarc/title/355566